All Films Directed by Peter Jackson - Statistics

General Stats
  • This quiz has been taken 8 times
  • The average score is 8 of 17
Answer Stats
Hint Movie % Correct
8. The Lord of the Rings: The Fellowship of the Ring
100%
10. The Lord of the Rings: The Return of the King
100%
9. The Lord of the Rings: The Two Towers
100%
11. King Kong
71%
14. The Hobbit: An Unexpected Journey
71%
16. The Hobbit: The Battle of the Five Armies
71%
15. The Hobbit: The Desolation of Smaug
71%
4. Heavenly Creatures
57%
1. Bad Taste
43%
13. The Lovely Bones
43%
3. Braindead
29%
5. Forgotten Silver
29%
2. Meet the Feebles
29%
6. The Frighteners
14%
12. Crossing the Line
0%
7. The Valley
0%
17. They Shall Not Grow Old
0%
No matching quizzes found
Score Distribution
Percent of People with Each Score
Percentile by Number Answered
Your Score History
You have not taken this quiz